<?xml version="1.0" encoding="UTF-8"?>
<record
    xmlns:xsi="http://www.w3.org/2001/XMLSchema-instance"
    xsi:schemaLocation="http://www.loc.gov/MARC21/slim http://www.loc.gov/standards/marcxml/schema/MARC21slim.xsd"
    xmlns="http://www.loc.gov/MARC21/slim">

  <leader>01049nam a22002537a 4500</leader>
  <controlfield tag="005">20170124102930.0</controlfield>
  <datafield tag="010" ind1=" " ind2=" ">
    <subfield code="a">B-136446</subfield>
  </datafield>
  <datafield tag="020" ind1=" " ind2=" ">
    <subfield code="c">300.00</subfield>
    <subfield code="a">8179650707</subfield>
  </datafield>
  <datafield tag="035" ind1=" " ind2=" ">
    <subfield code="a">B-136446</subfield>
  </datafield>
  <datafield tag="037" ind1=" " ind2=" ">
    <subfield code="b">Cen Lib/Ret</subfield>
  </datafield>
  <datafield tag="040" ind1=" " ind2=" ">
    <subfield code="a">DPL</subfield>
    <subfield code="b">HN</subfield>
  </datafield>
  <datafield tag="082" ind1=" " ind2=" ">
    <subfield code="a">070.4</subfield>
    <subfield code="b">&#x938;&#x941;&#x930;&#x947;&#x936; </subfield>
  </datafield>
  <datafield tag="100" ind1=" " ind2=" ">
    <subfield code="a">&#x938;&#x941;&#x930;&#x947;&#x936; &#x915;&#x941;&#x92E;&#x93E;&#x930; </subfield>
    <subfield code="9">44821</subfield>
  </datafield>
  <datafield tag="245" ind1=" " ind2=" ">
    <subfield code="a">&#x907;&#x902;&#x91F;&#x930;&#x928;&#x947;&#x91F; &#x92A;&#x924;&#x94D;&#x930;&#x915;&#x93E;&#x930;&#x93F;&#x924;&#x93E; /</subfield>
    <subfield code="c">&#x938;&#x941;&#x930;&#x947;&#x936; &#x915;&#x941;&#x92E;&#x93E;&#x930; </subfield>
  </datafield>
  <datafield tag="246" ind1=" " ind2=" ">
    <subfield code="a">Internet patrkarita /</subfield>
    <subfield code="b">by Suresh Kumar</subfield>
  </datafield>
  <datafield tag="260" ind1=" " ind2=" ">
    <subfield code="b">&#x924;&#x915;&#x94D;&#x937;&#x936;&#x93F;&#x932;&#x93E; &#x92A;&#x94D;&#x930;&#x915;&#x93E;&#x936;&#x928; </subfield>
    <subfield code="a">&#x928;&#x908; &#x926;&#x93F;&#x932;&#x94D;&#x932;&#x940; </subfield>
    <subfield code="c">2004</subfield>
  </datafield>
  <datafield tag="270" ind1=" " ind2=" ">
    <subfield code="a">98-&#x90F;, &#x939;&#x93F;&#x902;&#x926;&#x940; &#x92A;&#x93E;&#x930;&#x94D;&#x915;, &#x926;&#x930;&#x93F;&#x92F;&#x93E;&#x917;&#x902;&#x91C; </subfield>
    <subfield code="b">&#x928;&#x908; &#x926;&#x93F;&#x932;&#x94D;&#x932;&#x940; </subfield>
    <subfield code="e">110002</subfield>
  </datafield>
  <datafield tag="300" ind1=" " ind2=" ">
    <subfield code="a">xiv,178&#x92A;&#x943;. </subfield>
    <subfield code="c">21&#x938;&#x947;&#x92E;&#x940; (&#x938;&#x91C;&#x93F;&#x932;&#x94D;&#x926;)</subfield>
  </datafield>
  <datafield tag="650" ind1=" " ind2=" ">
    <subfield code="a">&#x907;&#x902;&#x91F;&#x930;&#x928;&#x947;&#x91F; --  &#x92A;&#x924;&#x94D;&#x930;&#x915;&#x93E;&#x930;&#x93F;&#x924;&#x93E;</subfield>
    <subfield code="9">44822</subfield>
  </datafield>
  <datafield tag="650" ind1=" " ind2=" ">
    <subfield code="a">&#x92A;&#x924;&#x94D;&#x930;&#x915;&#x93E;&#x930;&#x93F;&#x924;&#x93E;</subfield>
    <subfield code="9">44823</subfield>
  </datafield>
  <datafield tag="650" ind1=" " ind2=" ">
    <subfield code="a">Internet -- journalism</subfield>
    <subfield code="9">44824</subfield>
  </datafield>
  <datafield tag="650" ind1=" " ind2=" ">
    <subfield code="a">Journalism</subfield>
    <subfield code="9">44825</subfield>
  </datafield>
  <datafield tag="942" ind1=" " ind2=" ">
    <subfield code="2">ddc</subfield>
    <subfield code="c">HN</subfield>
    <subfield code="h">070.4</subfield>
    <subfield code="m">&#x938;&#x941;&#x930;&#x947;&#x936; </subfield>
  </datafield>
  <datafield tag="999" ind1=" " ind2=" ">
    <subfield code="c">111865</subfield>
    <subfield code="d">111865</subfield>
  </datafield>
  <datafield tag="952" ind1=" " ind2=" ">
    <subfield code="0">0</subfield>
    <subfield code="1">0</subfield>
    <subfield code="4">0</subfield>
    <subfield code="7">0</subfield>
    <subfield code="a">L</subfield>
    <subfield code="b">L</subfield>
    <subfield code="d">2015-08-05</subfield>
    <subfield code="e">Cen Lib/Ret</subfield>
    <subfield code="g">300.00</subfield>
    <subfield code="l">4</subfield>
    <subfield code="o">070.4 &#x938;&#x941;&#x930;&#x947;&#x936;</subfield>
    <subfield code="p">B-136446</subfield>
    <subfield code="r">2019-10-04 00:00:00</subfield>
    <subfield code="s">2019-09-21</subfield>
    <subfield code="t">1</subfield>
    <subfield code="v">300.00</subfield>
    <subfield code="w">2015-08-05</subfield>
    <subfield code="y">HN</subfield>
  </datafield>
</record>
